[Event "5th European Small Nations"]
[Site "Andorra la Vella"]
[Date "2017.11.16"]
[Round "7.3"]
[White "Rodgaard, John"]
[Black "Sammut Briffa, Peter"]
[Result "1-0"]
[BlackElo "1962"]
[WhiteElo "2332"]
[LiveChessVersion "1.4.8"]

1. Nf3 {[%clk 1:30:46]} Nf6 {[%clk 1:30:49]} 2. c4 {[%clk 1:30:46]} g6
{[%clk 1:31:12]} 3. Nc3 {[%clk 1:30:55]} Bg7 {[%clk 1:31:29]} 4. e4
{[%clk 1:30:52]} d6 {[%clk 1:31:51]} 5. d4 {[%clk 1:31:12]} O-O {[%clk 1:32:14]}
6. Be2 {[%clk 1:31:15]} e5 {[%clk 1:32:36]} 7. O-O {[%clk 1:31:21]} Nc6
{[%clk 1:32:58]} 8. d5 {[%clk 1:30:39]} Ne7 {[%clk 1:33:07]} 9. Ne1
{[%clk 1:30:38]} Ne8 {[%clk 1:32:59]} 10. Be3 {[%clk 1:30:21]} f5
{[%clk 1:33:10]} 11. f3 {[%clk 1:30:46]} f4 {[%clk 1:33:05]} 12. Bf2
{[%clk 1:31:09]} g5 {[%clk 1:31:59]} 13. c5 {[%clk 1:30:57]} Ng6 {[%clk 1:30:50]}
14. a4 {[%clk 1:28:41]} h5 {[%clk 1:30:36]} 15. cxd6 {[%clk 1:26:45]} cxd6
{[%clk 1:30:26]} 16. a5 {[%clk 1:25:57]} Nf6 {[%clk 1:26:38]} 17. Nb5
{[%clk 1:24:10]} g4 18. Bxa7 {[%clk 1:13:44]} gxf3 {[%clk 1:06:56]} 19. Nxf3
{[%clk 0:46:50]} h4 {[%clk 0:34:06]} 20. Bb6 {[%clk 0:42:52]} Qe7
{[%clk 0:34:08]} 21. Nc7 {[%clk 0:39:59]} Rb8 {[%clk 0:34:25]} 22. Ng5
{[%clk 0:28:38]} Ng4 {[%clk 0:32:10]} 23. Nge6 {[%clk 0:22:19]} Bxe6
{[%clk 0:31:38]} 24. Nxe6 {[%clk 0:22:29]} Ne3 {[%clk 0:27:31]} 25. Bxe3
{[%clk 0:22:38]} fxe3 {[%clk 0:27:55]} 26. Nxf8 {[%clk 0:22:29]} Rxf8
{[%clk 0:24:12]} 27. Rxf8+ {[%clk 0:21:06]} Qxf8 {[%clk 0:24:34]} 28. Qf1
{[%clk 0:19:49]} Nf4 {[%clk 0:24:50]} 29. Qf3 {[%clk 0:18:22]} Nxe2+
{[%clk 0:19:22]} 30. Qxe2 {[%clk 0:18:47]} Qf4 {[%clk 0:19:47]} 31. Qf3
{[%clk 0:11:15]} h3 {[%clk 0:13:39]} 32. Rf1 {[%clk 0:10:40]} hxg2
{[%clk 0:13:12]} 33. Qxg2 {[%clk 0:09:39]} Qh4 {[%clk 0:12:47]} 34. b4
{[%clk 0:08:45]} Qe7 {[%clk 0:10:01]} 35. Qg4 {[%clk 0:07:44]} Qc7
{[%clk 0:09:47]} 36. Qe6+ {[%clk 0:07:30]} Kh7 {[%clk 0:10:08]} 37. Qh3+
{[%clk 0:06:53]} Kg8 {[%clk 0:10:27]} 38. Qe6+ {[%clk 0:06:58]} Kh7
{[%clk 0:10:50]} 39. Qh3+ {[%clk 0:07:18]} Kg8 {[%clk 0:11:11]} 40. Qxe3
{[%clk 0:36:29]} Qc4 {[%clk 0:38:59]} 41. Qe1 {[%clk 0:31:47]} Bh6
{[%clk 0:38:00]} 42. Qg3+ {[%clk 0:25:13]} Bg7 {[%clk 0:35:19]} 43. Qg6
{[%clk 0:15:13]} Qxb4 {[%clk 0:33:32]} 44. Rf7 {[%clk 0:09:08]} Qe1+
{[%clk 0:33:15]} 45. Kg2 {[%clk 0:09:34]} Qe2+ {[%clk 0:33:24]} 46. Kg3
{[%clk 0:07:57]} 1-0

[Event "5th European Small Nations"]
[Site "Andorra la Vella"]
[Date "2017.11.16"]
[Round "7.4"]
[White "Lauri, Joseph"]
[Black "Eydsteinsson, Silas"]
[Result "1-0"]
[BlackElo "2059"]
[WhiteElo "2174"]
[LiveChessVersion "1.4.8"]

1. e4 c6 {[%clk 1:30:37]} 2. d4 {[%clk 1:31:15]} d5 {[%clk 1:31:02]} 3. exd5
{[%clk 1:31:39]} cxd5 {[%clk 1:31:23]} 4. Bd3 {[%clk 1:32:02]} Nc6
{[%clk 1:31:42]} 5. c3 {[%clk 1:32:25]} Nf6 {[%clk 1:31:57]} 6. Bf4
{[%clk 1:32:44]} Bg4 {[%clk 1:30:01]} 7. Nf3 {[%clk 1:28:25]} a6 {[%clk 1:00:28]}
8. Nbd2 {[%clk 1:02:06]} e6 {[%clk 0:43:22]} 9. Qb3 {[%clk 0:58:23]} Ra7
{[%clk 0:36:13]} 10. O-O {[%clk 0:54:30]} Nh5 {[%clk 0:28:41]} 11. Be3
{[%clk 0:47:03]} g6 {[%clk 0:28:28]} 12. Ne5 {[%clk 0:46:35]} Bf5
{[%clk 0:21:26]} 13. Be2 Na5 {[%clk 0:21:26]} 14. Qa4+ {[%clk 0:44:07]} Ke7
{[%clk 0:17:18]} 15. g4 {[%clk 0:41:37]} f6 {[%clk 0:16:03]} 16. gxh5
{[%clk 0:41:38]} Rg8 {[%clk 0:14:50]} 17. h6 {[%clk 0:41:41]} g5 {[%clk 0:13:35]}
18. Ng4 {[%clk 0:40:57]} Bxg4 {[%clk 0:13:00]} 19. Bxg4 {[%clk 0:41:24]} f5
{[%clk 0:13:19]} 20. Bh5 {[%clk 0:38:08]} f4 {[%clk 0:11:30]} 21. Qc2
{[%clk 0:37:56]} Rh8 {[%clk 0:11:38]} 22. Nf3 {[%clk 0:37:24]} Nc4
{[%clk 0:06:16]} 23. Bd2 {[%clk 0:28:39]} Bxh6 {[%clk 0:04:53]} 24. Rfe1
{[%clk 0:28:32]} Nd6 {[%clk 0:04:43]} 25. Bg4 Ne4 {[%clk 0:04:07]} 26. Ne5
{[%clk 0:28:43]} Bg7 {[%clk 0:03:17]} 27. f3 Bxe5 {[%clk 0:03:17]} 28. fxe4
{[%clk 0:28:51]} h5 {[%clk 0:03:28]} 29. Bxe6 {[%clk 0:28:40]} Bf6
{[%clk 0:00:39]} 30. exd5 {[%clk 0:28:05]} Qd6 {[%clk 0:00:48]} 31. Qg6
{[%clk 0:28:05]} Rf8 {[%clk 0:01:07]} 32. Bg8+ {[%clk 0:26:33]} Kd8
{[%clk 0:01:05]} 33. Re6 Qxd5 34. Re8+ {[%clk 0:26:56]} 1-0

[Event "5th European Small Nations"]
[Site "Andorra la Vella"]
[Date "2017.11.16"]
[Round "7.5"]
[White "Antoniou, Antonis"]
[Black "Efimov, Igor"]
[Result "1/2-1/2"]
[BlackElo "2397"]
[WhiteElo "2164"]
[LiveChessVersion "1.4.8"]

1. e4 {[%clk 1:30:58]} b6 {[%clk 1:30:12]} 2. d4 {[%clk 1:31:21]} Bb7
{[%clk 1:30:33]} 3. Bd3 {[%clk 1:31:34]} e6 {[%clk 1:30:57]} 4. Nf3
{[%clk 1:30:31]} c5 {[%clk 1:30:09]} 5. dxc5 {[%clk 1:28:22]} Bxc5
{[%clk 1:30:06]} 6. O-O {[%clk 1:28:40]} a6 {[%clk 1:27:30]} 7. Qe2
{[%clk 1:28:52]} Ne7 {[%clk 1:22:39]} 8. c4 {[%clk 1:19:42]} Ng6 {[%clk 1:19:45]}
9. Nc3 {[%clk 1:19:50]} O-O {[%clk 1:18:14]} 10. Na4 {[%clk 1:13:05]} Nc6
{[%clk 1:12:55]} 11. Be3 {[%clk 1:10:46]} d6 {[%clk 1:12:05]} 12. Rac1
{[%clk 1:02:11]} Rb8 {[%clk 1:06:08]} 13. Rfd1 {[%clk 1:02:27]} Ba8
{[%clk 1:06:15]} 14. a3 {[%clk 0:55:07]} Bxe3 {[%clk 1:00:06]} 15. Qxe3
{[%clk 0:53:47]} b5 {[%clk 1:00:28]} 16. cxb5 {[%clk 0:47:49]} axb5
{[%clk 0:59:39]} 17. Nc3 {[%clk 0:48:12]} b4 {[%clk 0:59:06]} 18. Nb5
{[%clk 0:41:39]} bxa3 {[%clk 0:59:21]} 19. bxa3 {[%clk 0:42:04]} Qa5
{[%clk 0:52:09]} 20. Nxd6 {[%clk 0:40:33]} Qxa3 {[%clk 0:51:57]} 21. Nc4
{[%clk 0:36:27]} Qe7 {[%clk 0:50:34]} 22. Nb6 {[%clk 0:33:15]} Nce5
{[%clk 0:40:14]} 23. Nxe5 {[%clk 0:31:42]} Nxe5 {[%clk 0:40:02]} 24. Nxa8
{[%clk 0:31:48]} Rxa8 {[%clk 0:40:07]} 25. Be2 {[%clk 0:31:14]} Ra2
{[%clk 0:33:35]} 26. Rd2 {[%clk 0:28:31]} Rxd2 {[%clk 0:30:54]} 27. Qxd2
{[%clk 0:28:54]} Rd8 {[%clk 0:30:21]} 28. Qe3 {[%clk 0:23:00]} g5
{[%clk 0:30:14]} 1/2-1/2

[Event "5th European Small Nations"]
[Site "Andorra la Vella"]
[Date "2017.11.16"]
[Round "7.6"]
[White "Berezovsky, Igor"]
[Black "Constantinou, Pavlos"]
[Result "1-0"]
[BlackElo "2057"]
[WhiteElo "2378"]
[LiveChessVersion "1.4.8"]

1. d4 {[%clk 1:30:11]} Nf6 {[%clk 1:30:46]} 2. c4 {[%clk 1:30:36]} e6
{[%clk 1:31:12]} 3. Nc3 {[%clk 1:31:01]} Bb4 {[%clk 1:31:36]} 4. e3
{[%clk 1:31:17]} O-O {[%clk 1:32:00]} 5. Nge2 {[%clk 1:31:41]} c6
{[%clk 1:32:25]} 6. Ng3 {[%clk 1:30:52]} d5 {[%clk 1:32:31]} 7. Bd3
{[%clk 1:31:04]} Nbd7 {[%clk 1:29:52]} 8. O-O {[%clk 1:31:00]} dxc4
{[%clk 1:20:26]} 9. Bxc4 {[%clk 1:31:20]} e5 {[%clk 1:20:04]} 10. Nce4
{[%clk 1:19:09]} Nxe4 {[%clk 1:18:45]} 11. Nxe4 {[%clk 1:17:51]} Nf6
{[%clk 1:19:05]} 12. Ng5 {[%clk 1:02:52]} Qe7 {[%clk 1:05:19]} 13. dxe5
{[%clk 0:59:23]} Qxe5 {[%clk 0:47:28]} 14. Nxf7 {[%clk 0:57:39]} Rxf7
{[%clk 0:47:47]} 15. Qb3 {[%clk 0:56:11]} Nd5 {[%clk 0:42:18]} 16. Bxd5
{[%clk 0:56:01]} Qxd5 {[%clk 0:41:32]} 17. Qxb4 {[%clk 0:56:26]} c5
{[%clk 0:39:43]} 18. Qd2 {[%clk 0:52:58]} Qc4 {[%clk 0:29:22]} 19. b3
{[%clk 0:49:55]} Qh4 {[%clk 0:26:29]} 20. f3 {[%clk 0:48:38]} b6 {[%clk 0:25:09]}
21. Qf2 {[%clk 0:41:08]} Qe7 {[%clk 0:23:46]} 22. Bb2 {[%clk 0:36:45]} Ba6
{[%clk 0:21:01]} 23. Rfe1 {[%clk 0:37:11]} c4 {[%clk 0:20:06]} 24. bxc4
{[%clk 0:32:34]} Bxc4 {[%clk 0:20:34]} 25. a4 {[%clk 0:32:01]} Bb3
{[%clk 0:20:00]} 26. e4 {[%clk 0:30:03]} Qd7 {[%clk 0:18:00]} 27. e5
{[%clk 0:28:55]} Rc8 {[%clk 0:15:52]} 28. Re2 {[%clk 0:24:10]} Qe6
{[%clk 0:13:20]} 29. h3 {[%clk 0:21:21]} Rfc7 {[%clk 0:10:22]} 30. Qd4
{[%clk 0:15:22]} Rd7 {[%clk 0:08:31]} 31. Qe3 {[%clk 0:13:35]} Rdc7
{[%clk 0:06:59]} 32. a5 {[%clk 0:09:07]} bxa5 {[%clk 0:05:02]} 33. Rxa5
{[%clk 0:09:33]} Qb6 {[%clk 0:05:16]} 34. Ra3 {[%clk 0:07:35]} Qxe3+
{[%clk 0:04:53]} 35. Rxe3 {[%clk 0:08:03]} Be6 {[%clk 0:03:29]} 36. Bc3
{[%clk 0:07:56]} Kf7 {[%clk 0:02:54]} 37. Kf2 {[%clk 0:07:34]} Bc4
{[%clk 0:02:30]} 38. f4 {[%clk 0:06:56]} g6 {[%clk 0:02:13]} 39. g4
{[%clk 0:07:04]} Ke6 {[%clk 0:02:31]} 40. Kg3 {[%clk 0:34:21]} h5
{[%clk 0:31:27]} 41. Kh4 {[%clk 0:33:56]} hxg4 {[%clk 0:14:15]} 42. hxg4
{[%clk 0:34:19]} Kf7 {[%clk 0:11:12]} 43. Kg5 {[%clk 0:32:18]} Be6
{[%clk 0:11:07]} 44. Rh3 {[%clk 0:31:02]} Rg8 {[%clk 0:10:26]} 45. Rh7+
{[%clk 0:29:50]} Rg7 {[%clk 0:10:46]} 46. Rxg7+ {[%clk 0:30:07]} Kxg7
{[%clk 0:11:15]} 47. f5 {[%clk 0:30:05]} gxf5 {[%clk 0:10:47]} 48. gxf5
{[%clk 0:30:29]} Bc4 {[%clk 0:07:50]} 49. e6+ {[%clk 0:30:40]} Kf8
{[%clk 0:07:55]} 50. Bb4+ {[%clk 0:29:24]} Ke8 {[%clk 0:08:19]} 51. Rh3
{[%clk 0:29:14]} Rg7+ {[%clk 0:07:40]} 52. Kf6 {[%clk 0:29:41]} Rg8
{[%clk 0:08:06]} 53. Rh7 {[%clk 0:29:56]} Kd8 {[%clk 0:06:00]} 54. Rxa7
{[%clk 0:29:40]} Bd5 {[%clk 0:05:59]} 55. Rd7+ {[%clk 0:28:27]} Ke8
{[%clk 0:06:28]} 56. Ba5 {[%clk 0:25:29]} Rf8+ {[%clk 0:06:03]} 57. Ke5
{[%clk 0:25:21]} Bxe6 {[%clk 0:04:38]} 58. Ke4 1-0

[Event "5th European Small Nations"]
[Site "Andorra la Vella"]
[Date "2017.11.16"]
[Round "7.7"]
[White "Michaelides, Konstantinos"]
[Black "Villegas, Pierre"]
[Result "1/2-1/2"]
[BlackElo "2309"]
[WhiteElo "2041"]
[LiveChessVersion "1.4.8"]

1. d4 {[%clk 1:30:55]} d5 {[%clk 1:30:17]} 2. c4 {[%clk 1:31:20]} e6
{[%clk 1:30:22]} 3. Nf3 {[%clk 1:31:45]} Nf6 {[%clk 1:30:30]} 4. g3
{[%clk 1:32:10]} dxc4 {[%clk 1:30:19]} 5. Bg2 {[%clk 1:32:34]} Bd7
{[%clk 1:30:45]} 6. Ne5 {[%clk 1:30:36]} Bc6 {[%clk 1:31:05]} 7. Nxc6
{[%clk 1:27:06]} Nxc6 {[%clk 1:31:28]} 8. e3 {[%clk 1:25:40]} Qd7
{[%clk 1:25:51]} 9. O-O {[%clk 1:22:42]} Rd8 {[%clk 1:22:59]} 10. Qe2
{[%clk 1:11:17]} e5 {[%clk 1:22:10]} 11. Qxc4 {[%clk 1:09:58]} exd4
{[%clk 1:20:47]} 12. exd4 {[%clk 1:10:14]} Be7 {[%clk 1:14:08]} 13. Be3
{[%clk 1:00:52]} O-O {[%clk 1:02:32]} 14. Nc3 {[%clk 0:56:16]} Nxd4
{[%clk 0:57:26]} 15. Bxb7 {[%clk 0:44:39]} c5 {[%clk 0:57:20]} 16. Bg2
{[%clk 0:44:05]} Rb8 {[%clk 0:47:18]} 1/2-1/2

[Event "5th European Small Nations"]
[Site "Andorra la Vella"]
[Date "2017.11.16"]
[Round "7.8"]
[White "Ribbegren, Karl Johan"]
[Black "Klerides, Paris"]
[Result "1-0"]
[BlackElo "2189"]
[WhiteElo "2252"]
[LiveChessVersion "1.4.8"]

1. d4 {[%clk 1:31:00]} Nf6 {[%clk 1:27:50]} 2. Nf3 {[%clk 1:31:20]} g6
{[%clk 1:27:59]} 3. Bg5 {[%clk 1:30:20]} Bg7 {[%clk 1:27:06]} 4. Nbd2
{[%clk 1:30:08]} O-O {[%clk 1:26:31]} 5. c3 {[%clk 1:29:50]} d6 {[%clk 1:24:12]}
6. e4 {[%clk 1:28:16]} h6 {[%clk 1:20:58]} 7. Bh4 {[%clk 1:26:05]} Nbd7
{[%clk 1:20:26]} 8. Be2 {[%clk 1:20:43]} e5 {[%clk 1:20:17]} 9. dxe5
{[%clk 1:20:05]} dxe5 {[%clk 1:20:32]} 10. O-O {[%clk 1:20:11]} Qe7
{[%clk 1:13:06]} 11. Re1 {[%clk 1:19:33]} a5 {[%clk 1:11:03]} 12. Qc2
{[%clk 1:18:21]} g5 {[%clk 1:06:34]} 13. Bg3 {[%clk 1:17:27]} Nh5
{[%clk 1:06:06]} 14. Nc4 {[%clk 1:08:40]} Nxg3 {[%clk 1:02:52]} 15. hxg3
{[%clk 1:08:44]} Qc5 {[%clk 0:56:49]} 16. Rad1 {[%clk 1:05:16]} Nb6
{[%clk 0:55:28]} 17. Ne3 {[%clk 1:03:12]} Be6 {[%clk 0:54:44]} 18. b3
{[%clk 1:02:00]} Rfd8 {[%clk 0:47:26]} 19. Nf5 {[%clk 0:56:25]} Bxf5
{[%clk 0:44:01]} 20. exf5 {[%clk 0:56:42]} Nd5 {[%clk 0:41:39]} 21. Bc4
{[%clk 0:51:43]} b5 {[%clk 0:35:51]} 22. Bxd5 {[%clk 0:50:29]} Rxd5
{[%clk 0:36:19]} 23. Nd2 {[%clk 0:50:36]} Rad8 {[%clk 0:34:59]} 24. Ne4
{[%clk 0:49:44]} Qc6 {[%clk 0:35:12]} 25. Rxd5 {[%clk 0:48:36]} Rxd5
{[%clk 0:35:00]} 26. Qe2 {[%clk 0:48:25]} f6 {[%clk 0:33:44]} 27. f3
{[%clk 0:40:52]} Bf8 {[%clk 0:23:17]} 28. Kh1 {[%clk 0:35:12]} Kg7
{[%clk 0:20:59]} 29. Rd1 {[%clk 0:30:50]} Qd7 {[%clk 0:20:39]} 30. Rxd5
{[%clk 0:30:30]} Qxd5 {[%clk 0:21:06]} 31. c4 {[%clk 0:30:44]} bxc4
{[%clk 0:17:06]} 32. Qxc4 {[%clk 0:30:37]} Qxc4 {[%clk 0:16:44]} 33. bxc4
{[%clk 0:31:05]} a4 {[%clk 0:14:52]} 34. Kg1 {[%clk 0:31:06]} h5 {[%clk 0:15:07]}
35. Kf2 {[%clk 0:30:04]} Kf7 {[%clk 0:15:06]} 36. Ke2 {[%clk 0:29:10]} Be7
{[%clk 0:14:27]} 37. Kd3 {[%clk 0:25:28]} Ke8 {[%clk 0:14:55]} 38. c5
{[%clk 0:22:22]} Kd7 {[%clk 0:15:21]} 39. Kc4 {[%clk 0:21:16]} Kc6
{[%clk 0:15:48]} 40. Kb4 {[%clk 0:50:00]} a3 {[%clk 0:41:31]} 41. Kc4
{[%clk 0:47:44]} g4 {[%clk 0:41:59]} 42. fxg4 {[%clk 0:41:44]} hxg4
{[%clk 0:42:27]} 43. Nf2 {[%clk 0:41:46]} Bxc5 {[%clk 0:42:35]} 44. Nxg4
{[%clk 0:42:09]} Be7 {[%clk 0:42:12]} 45. Nf2 {[%clk 0:41:49]} Kd7
{[%clk 0:41:12]} 46. Ne4 {[%clk 0:41:09]} Bd8 {[%clk 0:38:55]} 47. g4
{[%clk 0:40:15]} Be7 {[%clk 0:39:16]} 48. g5 {[%clk 0:39:04]} fxg5
{[%clk 0:39:38]} 49. Kd5 {[%clk 0:38:56]} Bd6 {[%clk 0:38:52]} 50. Nxg5
{[%clk 0:38:59]} c6+ {[%clk 0:39:15]} 51. Ke4 {[%clk 0:38:23]} c5
{[%clk 0:35:56]} 52. Kd5 {[%clk 0:38:14]} Ke7 {[%clk 0:36:17]} 53. Ne4
{[%clk 0:38:22]} Bb8 {[%clk 0:35:09]} 54. Kxc5 {[%clk 0:38:25]} Ba7+
{[%clk 0:35:36]} 55. Kd5 {[%clk 0:38:39]} Bd4 {[%clk 0:36:04]} 56. g4
{[%clk 0:38:51]} Kf7 {[%clk 0:36:20]} 57. g5 {[%clk 0:38:53]} Kg7
{[%clk 0:36:49]} 58. Ke6 {[%clk 0:39:01]} 1-0

[Event "5th European Small Nations"]
[Site "Andorra la Vella"]
[Date "2017.11.16"]
[Round "7.1"]
[White "De La Riva Aguado, Oscar"]
[Black "Belzo, Krzysztof"]
[Result "1-0"]
[BlackElo "2077"]
[WhiteElo "2482"]
[LiveChessVersion "1.4.8"]

1. e4 {[%clk 1:30:58]} c5 {[%clk 1:30:53]} 2. Nf3 {[%clk 1:31:07]} g6
{[%clk 1:31:15]} 3. c3 {[%clk 1:29:20]} Bg7 {[%clk 1:31:36]} 4. d4
{[%clk 1:29:30]} cxd4 {[%clk 1:31:49]} 5. cxd4 {[%clk 1:29:51]} d5
{[%clk 1:32:08]} 6. e5 {[%clk 1:29:59]} Nh6 {[%clk 1:32:05]} 7. Bb5+
{[%clk 1:24:47]} Nc6 {[%clk 1:32:24]} 8. O-O {[%clk 1:24:53]} O-O
{[%clk 1:32:44]} 9. h3 {[%clk 1:23:19]} f6 {[%clk 1:32:49]} 10. Re1
{[%clk 1:21:39]} fxe5 {[%clk 1:32:23]} 11. Bxc6 {[%clk 1:21:50]} bxc6
{[%clk 1:32:50]} 12. Nxe5 {[%clk 1:22:04]} Qd6 {[%clk 1:28:43]} 13. Nc3
{[%clk 1:20:41]} Nf7 {[%clk 1:22:33]} 14. Bf4 {[%clk 1:13:35]} Nxe5
{[%clk 1:19:20]} 15. Bxe5 {[%clk 1:13:37]} Bxe5 {[%clk 1:19:21]} 16. Rxe5
{[%clk 1:13:30]} Rf5 {[%clk 1:19:00]} 17. Rxf5 {[%clk 1:05:02]} Bxf5
{[%clk 1:19:17]} 18. Qd2 {[%clk 1:05:27]} e5 {[%clk 1:13:43]} 19. dxe5
{[%clk 1:05:29]} Qxe5 {[%clk 1:14:11]} 20. Re1 {[%clk 1:05:50]} Qd6
{[%clk 1:14:18]} 21. Qd4 {[%clk 1:06:02]} a5 {[%clk 1:04:25]} 22. a3
{[%clk 1:03:28]} Rd8 {[%clk 0:45:52]} 23. Na4 {[%clk 0:58:25]} Qc7
{[%clk 0:39:52]} 24. Nc5 {[%clk 0:44:25]} Qg7 {[%clk 0:32:54]} 25. Re5
{[%clk 0:41:49]} Qf8 {[%clk 0:29:06]} 26. f4 {[%clk 0:35:41]} Bc8
{[%clk 0:26:20]} 27. Kf2 {[%clk 0:30:18]} Re8 {[%clk 0:24:54]} 28. Rxe8
{[%clk 0:24:28]} Qxe8 {[%clk 0:25:12]} 29. Qf6 {[%clk 0:24:55]} h5
{[%clk 0:18:41]} 30. Nd3 {[%clk 0:17:53]} Qe4 {[%clk 0:14:59]} 31. Qd8+
{[%clk 0:16:09]} Kh7 {[%clk 0:13:55]} 32. Qc7+ {[%clk 0:16:01]} Kh6
{[%clk 0:10:30]} 33. Qxc8 {[%clk 0:16:18]} Qd4+ {[%clk 0:10:57]} 34. Ke2
{[%clk 0:16:31]} Qe4+ {[%clk 0:11:23]} 35. Kd2 {[%clk 0:16:43]} Qxg2+
{[%clk 0:11:50]} 36. Kc3 {[%clk 0:16:46]} d4+ {[%clk 0:12:00]} 37. Kxd4
{[%clk 0:17:07]} Qd5+ {[%clk 0:12:23]} 38. Kc3 {[%clk 0:17:28]} 1-0

[Event "5th European Small Nations"]
[Site "Andorra la Vella"]
[Date "2017.11.16"]
[Round "7.2"]
[White "Jouault, Louis"]
[Black "Norwood, David R"]
[Result "0-1"]
[BlackElo "2505"]
[WhiteElo "1860"]
[LiveChessVersion "1.4.8"]

1. e4 {[%clk 1:30:56]} g6 {[%clk 1:30:55]} 2. d4 {[%clk 1:31:16]} Bg7
{[%clk 1:31:20]} 3. Nf3 {[%clk 1:31:23]} d6 {[%clk 1:31:44]} 4. Bc4
{[%clk 1:31:27]} Nf6 {[%clk 1:30:42]} 5. Qe2 {[%clk 1:30:59]} O-O
{[%clk 1:28:16]} 6. e5 {[%clk 1:30:42]} dxe5 {[%clk 1:27:11]} 7. dxe5
{[%clk 1:30:29]} Nd5 {[%clk 1:27:30]} 8. Bd2 {[%clk 1:29:41]} Bg4
{[%clk 1:26:14]} 9. Nc3 {[%clk 1:29:51]} Nb6 {[%clk 1:21:17]} 10. Bb3
{[%clk 1:24:30]} a5 {[%clk 1:14:47]} 11. a4 {[%clk 1:16:09]} Nc6 {[%clk 1:14:20]}
12. Qe4 {[%clk 1:15:12]} Bxf3 {[%clk 1:06:01]} 13. gxf3 {[%clk 1:15:11]} Bxe5
{[%clk 1:04:37]} 14. O-O-O {[%clk 1:14:34]} Qd4 {[%clk 1:01:45]} 15. h4
{[%clk 1:11:06]} Qxe4 {[%clk 0:59:56]} 16. fxe4 {[%clk 1:07:44]} Nd4
{[%clk 0:58:58]} 17. Ba2 {[%clk 1:04:30]} Nf3 {[%clk 0:55:46]} 18. Bh6
{[%clk 1:02:39]} Rfd8 {[%clk 0:53:49]} 19. Rh3 {[%clk 1:00:44]} Rxd1+
{[%clk 0:50:27]} 20. Nxd1 {[%clk 1:00:58]} Nd4 {[%clk 0:43:55]} 21. Nc3
{[%clk 1:00:16]} Rd8 {[%clk 0:42:09]} 22. f4 {[%clk 0:59:40]} Bg7
{[%clk 0:41:18]} 23. Bxg7 {[%clk 0:59:54]} Kxg7 {[%clk 0:41:40]} 24. h5
{[%clk 1:00:06]} Nxa4 {[%clk 0:40:05]} 25. hxg6 {[%clk 0:58:56]} Nxc3
{[%clk 0:31:28]} 26. bxc3 {[%clk 0:59:03]} Ne2+ {[%clk 0:31:55]} 27. Kb2
{[%clk 0:59:15]} hxg6 {[%clk 0:32:03]} 28. Rf3 {[%clk 0:57:57]} b5
{[%clk 0:32:16]} 29. f5 {[%clk 0:54:59]} g5 {[%clk 0:31:52]} 30. Bd5
{[%clk 0:52:48]} Nf4 {[%clk 0:30:52]} 31. Bc6 {[%clk 0:51:29]} Rd6
{[%clk 0:28:27]} 32. Bb7 {[%clk 0:50:12]} Kf6 {[%clk 0:27:38]} 33. Re3
{[%clk 0:45:55]} Ke5 {[%clk 0:22:44]} 34. Ba8 {[%clk 0:45:58]} Rd8
{[%clk 0:18:11]} 35. Bd5 {[%clk 0:44:13]} Nxd5 {[%clk 0:18:08]} 36. exd5+
{[%clk 0:44:36]} Kf6 {[%clk 0:18:31]} 0-1

[Event "5th European Small Nations"]
[Site "Andorra la Vella"]
[Date "2017.11.16"]
[Round "7.3"]
[White "Garcia Paolicchi, Raul"]
[Black "Mooney, Graham"]
[Result "1/2-1/2"]
[BlackElo "1864"]
[WhiteElo "2150"]
[LiveChessVersion "1.4.8"]

1. d4 {[%clk 1:30:57]} d6 {[%clk 1:30:39]} 2. e4 {[%clk 1:31:02]} Nf6
{[%clk 1:30:11]} 3. Nd2 {[%clk 1:30:51]} e5 {[%clk 1:27:24]} 4. Ngf3
{[%clk 1:29:09]} exd4 {[%clk 1:21:40]} 5. Nxd4 {[%clk 1:29:10]} g6
{[%clk 1:18:09]} 6. Be2 {[%clk 1:22:06]} Bg7 {[%clk 1:16:53]} 7. O-O
{[%clk 1:21:54]} O-O {[%clk 1:17:05]} 8. c3 {[%clk 1:13:47]} Nbd7 9. Qc2 d5
{[%clk 1:08:03]} 10. exd5 {[%clk 1:06:14]} Nxd5 {[%clk 1:07:21]} 11. N2f3
{[%clk 1:06:32]} c6 {[%clk 1:01:27]} 12. Bg5 {[%clk 0:57:00]} Qc7
{[%clk 0:57:24]} 13. Rfe1 {[%clk 0:52:37]} N7f6 {[%clk 0:53:01]} 14. Bf1
{[%clk 0:46:37]} Bg4 {[%clk 0:42:10]} 15. Ne5 {[%clk 0:43:00]} Rae8
{[%clk 0:40:09]} 16. Nxg4 {[%clk 0:41:26]} Nxg4 {[%clk 0:40:00]} 17. Nf3
{[%clk 0:41:41]} Ngf6 {[%clk 0:34:29]} 18. g3 {[%clk 0:38:40]} Rxe1
{[%clk 0:32:09]} 19. Rxe1 {[%clk 0:39:03]} Re8 {[%clk 0:32:28]} 20. Rxe8+
{[%clk 0:39:27]} Nxe8 {[%clk 0:32:49]} 21. Bg2 {[%clk 0:35:50]} Nef6
{[%clk 0:32:01]} 22. Qe2 {[%clk 0:34:25]} Qe7 {[%clk 0:29:38]} 23. Qxe7
{[%clk 0:33:38]} Nxe7 {[%clk 0:30:03]} 24. Be3 {[%clk 0:32:32]} b6
{[%clk 0:29:42]} 25. Nd4 {[%clk 0:30:42]} Ng4 {[%clk 0:22:56]} 26. Nxc6
{[%clk 0:27:18]} Nxc6 {[%clk 0:23:17]} 27. Bxc6 {[%clk 0:27:41]} Nxe3
{[%clk 0:23:44]} 28. fxe3 {[%clk 0:28:06]} Kf8 {[%clk 0:23:47]} 29. Kf2
{[%clk 0:28:22]} Ke7 {[%clk 0:23:43]} 30. Bd5 {[%clk 0:28:46]} Be5
{[%clk 0:23:18]} 31. Kf3 {[%clk 0:29:01]} h6 {[%clk 0:23:29]} 32. Ke4
{[%clk 0:29:00]} Bd6 {[%clk 0:23:19]} 33. Bc4 {[%clk 0:28:37]} f5+
{[%clk 0:22:47]} 34. Kd5 {[%clk 0:23:56]} Bc5 {[%clk 0:22:18]} 35. e4
{[%clk 0:24:16]} fxe4 {[%clk 0:22:33]} 36. Kxe4 {[%clk 0:24:39]} Kf6
{[%clk 0:21:48]} 37. Be2 {[%clk 0:21:13]} a5 {[%clk 0:21:58]} 38. a3
{[%clk 0:21:12]} Bg1 {[%clk 0:21:13]} 39. h3 Bf2 40. g4 {[%clk 0:46:44]} Kg5
{[%clk 0:48:19]} 41. Bd3 {[%clk 0:43:32]} h5 {[%clk 0:47:40]} 42. gxh5
{[%clk 0:39:23]} gxh5 {[%clk 0:47:29]} 43. Kd5 {[%clk 0:39:46]} h4
{[%clk 0:46:17]} 44. b4 {[%clk 0:37:48]} axb4 {[%clk 0:46:36]} 45. axb4
{[%clk 0:37:59]} Kf6 {[%clk 0:46:38]} 46. c4 Ke5+ 1/2-1/2

[Event "5th European Small Nations"]
[Site "Andorra la Vella"]
[Date "2017.11.16"]
[Round "7.4"]
[White "Kahn, Tito"]
[Black "Ribera Baztan, Jose"]
[Result "1/2-1/2"]
[BlackElo "2120"]
[WhiteElo "1869"]
[LiveChessVersion "1.4.8"]

1. d4 {[%clk 1:30:47]} f5 {[%clk 1:30:51]} 2. Bg5 {[%clk 1:31:03]} g6
{[%clk 1:28:32]} 3. Nc3 {[%clk 1:28:16]} Bg7 {[%clk 1:28:55]} 4. e4
{[%clk 1:28:05]} fxe4 {[%clk 1:29:17]} 5. Nxe4 {[%clk 1:28:24]} d5
{[%clk 1:29:13]} 6. Ng3 {[%clk 1:25:20]} c5 {[%clk 1:13:07]} 7. c3
{[%clk 1:03:27]} cxd4 {[%clk 1:11:57]} 8. cxd4 {[%clk 1:03:42]} Nc6
{[%clk 0:55:09]} 9. Nf3 {[%clk 0:52:04]} Nh6 {[%clk 0:53:06]} 10. Qd2
{[%clk 0:30:27]} Nf7 {[%clk 0:52:30]} 11. Be3 {[%clk 0:19:32]} Bg4
{[%clk 0:40:21]} 12. Be2 {[%clk 0:19:12]} Nd6 {[%clk 0:33:52]} 13. h3
{[%clk 0:14:02]} Bxf3 {[%clk 0:30:04]} 14. gxf3 {[%clk 0:10:52]} Qb6
{[%clk 0:25:34]} 15. Rd1 {[%clk 0:10:17]} Nb5 {[%clk 0:18:39]} 16. Bxb5
{[%clk 0:10:00]} Qxb5 {[%clk 0:18:59]} 17. f4 {[%clk 0:08:08]} e6
{[%clk 0:17:19]} 18. Ne2 {[%clk 0:04:05]} Rc8 {[%clk 0:13:27]} 19. O-O
{[%clk 0:04:01]} O-O {[%clk 0:13:48]} 20. Rc1 {[%clk 0:04:20]} Qb6
{[%clk 0:13:54]} 21. a3 {[%clk 0:03:58]} Qd8 {[%clk 0:14:12]} 22. b4
{[%clk 0:04:10]} Qh4 {[%clk 0:14:15]} 23. Kh2 {[%clk 0:04:34]} Qh5
{[%clk 0:08:46]} 24. Rg1 {[%clk 0:04:39]} Qh4 {[%clk 0:06:05]} 25. Rc5
{[%clk 0:04:50]} 1/2-1/2